| 000 | 01318nam a2200349 c 4500 | ||
|---|---|---|---|
| 003 | BLK | ||
| 005 | 20250605143029.0 | ||
| 008 | 180411b bul|||||r ||||||| ||bul|| | ||
| 010 | _aKNG00205165000 | ||
| 020 |
_a978-954-655-747-6 _bиздат.: Бард |
||
| 040 | _aBLK | ||
| 041 |
_aBUL _cBUL |
||
| 072 | 7 |
_2bullib _aН83 _xЧужда художествена литература Н |
|
| 080 |
_aАмериканска литература (на САЩ) _b821.111(73) _x-31 _z821.111(73)-31 |
||
| 100 | 1 |
_aСтийл, Даниел _eпърви автор _9363685 |
|
| 700 | 1 |
_aЧизмарова, Елена Николова _eпрев. _9141741 |
|
| 139 |
_aСтийл, Даниел _bС 76 |
||
| 245 | 1 | 0 |
_aНаградата _bРоман _cДаниел Стийл; прев. Елена Чизмарова. |
| 257 | _aUSA | ||
| 260 |
_аСофия _bБард _c2017 _fСофия : Алианс принт |
||
| 300 |
_a288 с. _c20 см |
||
| 380 | _aX | ||
| 500 | _aОриг. загл. The Award / Danielle Steel. | ||
| 653 | _aромани | ||
| 659 | _aН | ||
| 852 | _aЦб 285202 | ||
| 856 | 4 |
_qpdf _u |
|
| 856 | 4 |
_qpdf _u |
|
| 942 |
_cKNG _n0 _0112 |
||
| 944 |
_aCR _c18.04.2017 _lЦветомила Тодорова _k30576 |
||
| 944 |
_aED _c20.03.2018 _lф / _kВиолета_Тройчева |
||
| 999 |
_c195910 _d195910 |
||